Poder, fe y pedagogía (Record no. 170379)

MARC details
000 -LEADER
fixed length control field 01185nam a22002657a 4500
005 - DATE AND TIME OF LATEST TRANSACTION
control field 20240607135220.0
008 - FIXED-LENGTH DATA ELEMENTS--GENERAL INFORMATION
fixed length control field 240607b mx ||||| |||| 00| 0 spa d
020 ## - INTERNATIONAL STANDARD BOOK NUMBER
International Standard Book Number 9786072801424
050 04 - LIBRARY OF CONGRESS CALL NUMBER
Classification number LC196
Item number P63 2014
245 ## - TITLE STATEMENT
Title Poder, fe y pedagogía
Remainder of title : historias de maestras mexicanas y belgas
Statement of responsibility, etc / Federico Lazarín Miranda, Luz Elena Galván Lafarga, Frank Simon (coordinadores)
250 ## - EDITION STATEMENT
Edition statement Primera edición
260 ## - PUBLICATION, DISTRIBUTION, ETC. (IMPRINT)
Place of publication, distribution, etc México :
Name of publisher, distributor, etc Universidad Autónoma Metropolitana, Unidad Iztapalapa,
Date of publication, distribution, etc 2014
300 ## - PHYSICAL DESCRIPTION
Extent 304 páginas :
Other physical details ilustraciones ;
Dimensions 21 cm
490 0# - SERIES STATEMENT
Series statement Biblioteca de signos ;
Volume number/sequential designation 69
650 #7 - SUBJECT ADDED ENTRY--TOPICAL TERM
Source of heading or term lemb
Topical term or geographic name as entry element Pedagogía crítica
Geographic subdivision México
650 #7 - SUBJECT ADDED ENTRY--TOPICAL TERM
Source of heading or term lemb
Topical term or geographic name as entry element Pedagogía crítica
Geographic subdivision Bélgica
650 #7 - SUBJECT ADDED ENTRY--TOPICAL TERM
Source of heading or term lemb
Topical term or geographic name as entry element Educación
General subdivision Aspectos políticos
Geographic subdivision México
650 #7 - SUBJECT ADDED ENTRY--TOPICAL TERM
Source of heading or term lemb
Topical term or geographic name as entry element Educación
General subdivision Aspectos políticos
Geographic subdivision Bélgica
650 #7 - SUBJECT ADDED ENTRY--TOPICAL TERM
Source of heading or term lemb
Topical term or geographic name as entry element Educación
General subdivision Aspectos religiosos
Geographic subdivision México
650 #7 - SUBJECT ADDED ENTRY--TOPICAL TERM
Source of heading or term lemb
Topical term or geographic name as entry element Educación
General subdivision Aspectos religiosos
Geographic subdivision Bélgica
700 1# - ADDED ENTRY--PERSONAL NAME
Personal name Lazarín Miranda, Federico,
Relator term editor de la compilación
700 1# - ADDED ENTRY--PERSONAL NAME
Personal name Galván Lafarga, Luz Elena,
Relator term editor de la compilación
700 1# - ADDED ENTRY--PERSONAL NAME
Personal name Simon, Frank,
Relator term editor de la compilación
942 ## - ADDED ENTRY ELEMENTS (KOHA)
Source of classification or shelving scheme Biblioteca del Cogreso de los Estados Unidos
Koha item type Libro
Holdings
Estado de pérdida Fuente de clasificación Estado del daño No para préstamo Ubicación permanente Ubicación actual Apartado o colección Fecha de adquisición Fuente de adquisición Edición Dependencia de educación superior (DES) Área del conocimiento Total Checkouts Clasificación Código de Barras Date last seen Número de copia Costo por reposición Tipo de recurso
  Biblioteca del Cogreso de los Estados Unidos     Biblioteca del Instituto de Investigaciones Históricas Biblioteca del Instituto de Investigaciones Históricas General 07/06/2024 Proyecto de Investigación 1a ed. Humanidades Educación y Humanidades   LC196 P63 2014 IIH000036476 07/06/2024 1 1.00 Libro